00546nam a2200193 a 4500001001300000003000900013005001700022008004100039020002300080082001700103100002300120245004900143260004500192300000900237500003500246505002400281650002400305700002300329nice12345678IN_TiNIC20260116013327.0050524s1993 dela grp 000 0 eng  a8185574 c20000a230.046bKOC aKochuthara, Thomas aTheology of Liberation and Ideology Critique aDelhibIntercultural Publications c1993 a283p aincludes index and biblioraphy2 aBibliography, Index aLiberation-Theology1 aKochuthara, Thomas